000 00742nac a22002890a 4500
001 UByD001887
003 AR-LpoUNG
005 20230824212922.0
008 230824s1992||||sp |||||||||||||||||spa d
020 _a8423994171
040 _aAR-LpoUNG
_bspa
_eaacr
041 _aspa
044 _asp
082 0 _aR403 545v1
245 1 0 _aDiccionario de la lengua española A-G
250 _a21ra. ed.
260 _aMadrid :
_bEspasa Calpe,
_c1992.
300 _a1077 p. :
_bil.
490 0 _aDiccionario de la lengua española
650 4 _aDICCIONARIOS
650 4 _aLEXICOGRAFIA
650 4 _aMATERIAL DE REFERENCIA
650 4 _aTERMINOLOGIA
710 2 _aAcademia Española (Madrid)
905 _a130
942 _cLSALA
_2ddc
999 _c64400
_d64400